I am inventing an invention / (Record no. 48332)
| 000 -LEADER | |
|---|---|
| fixed length control field | 00327nam a2200121 4500 |
| 020 ## - INTERNATIONAL STANDARD BOOK NUMBER | |
| International Standard Book Number | 9780723275367 |
| 100 ## - MAIN ENTRY--PERSONAL NAME | |
| Personal name | Child, Lauren |
| 9 (RLIN) | 38831 |
| 245 ## - TITLE STATEMENT | |
| Title | I am inventing an invention / |
| Statement of responsibility, etc | Lauren Child |
| 260 ## - PUBLICATION, DISTRIBUTION, ETC. (IMPRINT) | |
| Place of publication, distribution, etc | London |
| Name of publisher, distributor, etc | Ladybird Books |
| Date of publication, distribution, etc | 2013 |
| 300 ## - PHYSICAL DESCRIPTION | |
| Extent | 47 p. |
| Other physical details | col. ill. |
| Dimensions | 23 cm. |
| 490 ## - SERIES STATEMENT | |
| Series statement | Charlie and Lola |
| 942 ## - ADDED ENTRY ELEMENTS (KOHA) | |
| Source of classification or shelving scheme | |
| Koha item type | Book |
| Withdrawn status | Lost status | Source of classification or shelving scheme | Damaged status | Not for loan | Home library | Current library | Shelving location | Date acquired | Total Checkouts | Full call number | Barcode | Checked out | Date last seen | Date checked out | Price effective from | Koha item type |
|---|---|---|---|---|---|---|---|---|---|---|---|---|---|---|---|---|
| Asian Hope Early Years Library | Asian Hope Early Years Library | Easy Reading | 02/05/2025 | 13 | X CHI | 207036 | 03/24/2026 | 03/24/2026 | 03/24/2026 | 02/05/2025 | Book |